000 01171cpcaa2200301 a 4500
001 mm 79001975
003 DLC
005 20260227111640.0
008 800102|||||||||||| eng
010 _amm 79001975
040 _aDLC
_cDLC
_dDLC
_edacs
072 7 _aC
_2lcmd
100 1 _aTravis, William Barret,
_d1809-1836.
245 0 0 _aMessage of William Barret Travis,
_f1836 February 24.
300 _a1
_fitem.
506 0 _aOpen to research.
520 8 _aPhotocopy of a message sent by Travis to the people of the United States during the siege of the Alamo describing conditions within the fortress.
533 _aPositive photocopy.
_b[S.l.].
545 0 _aArmy officer and lawyer.
546 _aCollection material in English.
580 _aForms part of: Miscellaneous Manuscripts collection.
650 0 _aAlamo (San Antonio, Tex.)
_xSiege, 1836.
651 0 _aTexas
_xHistory
_yRepublic, 1836-1846.
656 7 _aArmy officers.
_2itoamc
656 7 _aLawyers.
_2itoamc
999 _c41069
_d41069